[Event "Mislata op-C 45th"]
[Site "Mislata"]
[Date "2011.08.18"]
[Round "5"]
[White "Santamaria Peris, Juan Jose"]
[Black "Romero Calduch, Sergio"]
[Result "0-1"]
[WhiteElo "1840"]
[BlackElo "1870"]
[PlyCount "72"]
[EventDate "2011.08.15"]
[EventType "swiss"]
[EventRounds "9"]
[EventCountry "ESP"]
[SourceTitle "EXT 2014"]
[Source "ChessBase"]
[SourceDate "2013.11.20"]
[SourceVersion "1"]
[SourceVersionDate "2013.11.20"]
[SourceQuality "1"]

1. e4 e6 2. d3 d5 3. Nd2 Nf6 4. Ngf3 c5 5. g3 Nc6 6. Bg2 Be7 7. 0-0 0-0 8. Re1 Re8 9. Nf1 dxe4 10. dxe4 Qxd1 11. Rxd1 Nxe4 12. Be3 Nb4 13. Ne1 Nf6 14. c4 Ng4 15. Bc1 Ne5 16. a3 Nbc6 17. Ne3 Nd4 18. Bd2 Bd7 19. b4 Bc6 20. Bxc6 bxc6 21. Kg2 Red8 22. Rab1 Rab8 23. f4 Ng6 24. Bc3 Ne2 25. Rxd8+ Rxd8 26. Ba1 Rd2 27. Kf1 Nd4 28. Bxd4 cxd4 29. Ng4 h5 30. Nf3 Ra2 31. Nge5 Nxe5 32. Nxe5 c5 33. Nc6 Bf8 34. bxc5 Bxc5 35. Rd1 Rxh2 36. Ne5 Rh1+ 0-1

[Event "Provincial-ch Valencia Preferente"]
[Site "Valencia"]
[Date "2009.11.21"]
[Round "7.15"]
[White "Gadea Iafigliola, Gabriel Fernan"]
[Black "Santamaria Peris, Juan Jose"]
[Result "1/2-1/2"]
[WhiteElo "1936"]
[BlackElo "1800"]
[PlyCount "42"]
[EventDate "2009.10.03"]
[EventType "swiss"]
[EventRounds "7"]
[EventCountry "ESP"]
[SourceTitle "EXT 2024"]
[Source "ChessBase"]
[SourceDate "2023.10.10"]
[SourceVersion "1"]
[SourceVersionDate "2023.10.10"]
[SourceQuality "1"]

1. d4 g6 2. Nf3 Bg7 3. Nc3 d6 4. e4 Nf6 5. Be2 0-0 6. 0-0 c6 7. h3 Re8 8. Be3 Qc7 9. Re1 b5 10. Bd3 a6 11. Qd2 Bb7 12. Bf4 e5 13. dxe5 dxe5 14. Bh6 Nbd7 15. Bf1 Rad8 16. Qe3 Qb6 17. Rad1 Qxe3 18. Bxe3 b4 19. Na4 Nxe4 20. Bc4 Ndf6 21. Ng5 Nd5 1/2-1/2

[Event "Provincial-ch Valencia Preferente"]
[Site "Valencia"]
[Date "2009.11.15"]
[Round "6"]
[White "Santamaria Peris, Juan Jose"]
[Black "Avila Sanchez, Miguel Angel"]
[Result "1/2-1/2"]
[WhiteElo "1800"]
[BlackElo "1892"]
[PlyCount "20"]
[EventDate "2009.10.03"]
[EventType "swiss"]
[EventRounds "7"]
[EventCountry "ESP"]
[SourceTitle "EXT 2024"]
[Source "ChessBase"]
[SourceDate "2023.10.10"]
[SourceVersion "1"]
[SourceVersionDate "2023.10.10"]
[SourceQuality "1"]

1. d4 f5 2. Nc3 Nf6 3. Bg5 e6 4. e4 Be7 5. exf5 exf5 6. Bd3 d6 7. Bxf6 Bxf6 8. Qe2+ Qe7 9. Nd5 Qxe2+ 10. Nxe2 Bd8 1/2-1/2

[Event "Provincial-ch Valencia Preferente"]
[Site "Valencia"]
[Date "2009.10.17"]
[Round "2"]
[White "Martinez Hernandez, Javier"]
[Black "Santamaria Peris, Juan Jose"]
[Result "1-0"]
[WhiteElo "2009"]
[BlackElo "1800"]
[PlyCount "67"]
[EventDate "2009.10.03"]
[EventType "swiss"]
[EventRounds "7"]
[EventCountry "ESP"]
[SourceTitle "EXT 2024"]
[Source "ChessBase"]
[SourceDate "2023.10.10"]
[SourceVersion "1"]
[SourceVersionDate "2023.10.10"]
[SourceQuality "1"]

1. e4 Nc6 2. Bc4 e5 3. Nf3 Nf6 4. d3 Be7 5. 0-0 0-0 6. c3 d6 7. h3 Na5 8. Bb5 a6 9. Ba4 b5 10. Bc2 c5 11. d4 Qc7 12. Nbd2 Re8 13. Re1 Bf8 14. Nf1 Nc6 15. d5 Ne7 16. Ng3 g6 17. Bg5 Bg7 18. Qd2 a5 19. a4 b4 20. c4 Nd7 21. Bh6 Kh8 22. Bxg7+ Kxg7 23. b3 Nf6 24. Re2 Qd7 25. Nh4 h6 26. Rf1 Nh7 27. f4 f6 28. fxe5 fxe5 29. Ref2 Rf8 30. Rxf8 Nxf8 31. Qf2 Nh7 32. Qf7+ Kh8 33. Nxg6+ Nxg6 34. Qxg6 1-0

[Event "Valencia Autonomico Norte-A"]
[Site "Valencia"]
[Date "2009.01.24"]
[Round "3.8"]
[White "Mas Gil, Rafael"]
[Black "Santamaria Peris, Juan Jose"]
[Result "1-0"]
[WhiteElo "2036"]
[BlackElo "1809"]
[PlyCount "71"]
[EventDate "2009.01.10"]
[EventType "team-tourn"]
[EventRounds "5"]
[EventCountry "ESP"]
[SourceTitle "EXT 2011"]
[Source "ChessBase"]
[SourceDate "2010.11.26"]
[SourceVersion "1"]
[SourceVersionDate "2010.11.26"]
[SourceQuality "1"]

1. e4 c5 2. Nf3 Nc6 3. Bb5 e6 4. 0-0 Nge7 5. d4 cxd4 6. Nxd4 Qb6 7. Nxc6 bxc6 8. Bd3 d5 9. Nd2 Ng6 10. Nf3 Bd6 11. Qe2 Bf4 12. exd5 Bxc1 13. Rfxc1 cxd5 14. Bb5+ Ke7 15. c4 Ba6 16. a4 Bxb5 17. cxb5 Rhc8 18. g3 Rc7 19. Ne5 Rac8 20. Rxc7+ Rxc7 21. Nc6+ Ke8 22. a5 Qb7 23. a6 Qb6 24. b4 Ne7 25. Ne5 Qd4 26. Rb1 Nf5 27. Nc6 Qb6 28. Rd1 Kf8 29. Qe5 Rc8 30. g4 Qxb5 31. Nxa7 Qb8 32. Qxb8 Rxb8 33. gxf5 Rxb4 34. Ra1 Rb8 35. Nb5 Ra8 36. a7 1-0